00623nam a22001577a 450000500170000001000150001702000260003203500140005803700130007208200110008510000190009624500920011526000510020727001450025830000620040320220928120555.0 aENG-135233 a9788180396862c995.00 aEN-118765 bDBAD/PUB a303.69 aPanchu, Sriram aMediation practice and law:bThe path to successful dispute resolution/c Sriram Panchu aGurgaonbLexis Nexis Butterworths Wadhwac2011 bGurgaona14th Floor, Building no. 10, Tower-B, DLF Cyber City, Phase-IImdeshvikaspublications@gmail.come122002k911244774444l911244774100 axlvii,509p.c22cm(HB)bAppendices, Glossary, Bibliography